Τεχνοοικονομική πολυκριτηριακή σύγκριση φωτοβολταϊκών με ανεμογεννήτριες για οικιακή χρήση : διπλωματική εργασία

Saved in:
Bibliographic Details
Main Author: Κασάπης, Δημήτριος
Corporate Author: Πανεπιστήμιο Αιγαίου Τμήμα Μηχανικών Οικονομίας και Διοίκησης - Τ.Μ.Ο.Δ. Σχολή Επιστημών της Διοίκησης
Other Authors: Παπαγεωργίου, Κωνσταντίνος (Thesis advisor)
Format: Thesis Book
Language:Greek
Published: 2014
Subjects:
Online Access:http://hdl.handle.net/11610/8469
Tags: Add Tag
No Tags, Be the first to tag this record!

MARC

LEADER 00000cam a2200000 i 4500
001 1/69280
008 150406s2014 gre d
035 |l 10121506 
040 |a GR-MY-UA  |b gre  |e aacr 
041 0 |a gre 
082 0 |a 333.7923  |2 (23) 
100 1 |a Κασάπης, Δημήτριος. 
245 1 0 |a Τεχνοοικονομική πολυκριτηριακή σύγκριση φωτοβολταϊκών με ανεμογεννήτριες για οικιακή χρήση :  |b διπλωματική εργασία /  |c Κασάπης Δημήτριος ; επιβλέπων: Παπαγεωργίου Κων/νος 
260 |c 2014 
300 |a 108 σ.;  |b εικ., πίν., χάρτες, διαγρ.;  |c 30 εκ. 
502 # # |a Πτυχιακή εργασία – Πανεπιστήμιο Αιγαίου, Χίος, 2014. 
504 |a Περιλαμβάνει βιβλιογραφία 
650 0 0 |a Photovoltaic power systems. 
650 0 0 |a Photovoltaic power generation. 
650 0 0 |a Renewable energy sources. 
650 0 0 |a Buildings  |x Energy conservation. 
650 0 0 |a Wind power. 
650 0 0 |a Dissertations, Academic  |z Greece. 
700 1 |4 ths  |a Παπαγεωργίου, Κωνσταντίνος. 
710 1 |a Πανεπιστήμιο Αιγαίου Τμήμα Μηχανικών Οικονομίας και Διοίκησης - Τ.Μ.Ο.Δ.  |b Σχολή Επιστημών της Διοίκησης. 
852 |a INST  |b CHIOS  |c DIATR  |e 20150406  |h 333.7923 ΚΑΣ  |p 005200036189  |q 005200036189  |t DIE  |y 23 
852 |a INST  |b CHIOS  |c DIATR  |e 20150406  |h 333.7923 ΚΑΣ  |p 005200036190  |q 005200036190  |t DIE  |y 23 
856 |u http://hdl.handle.net/11610/8469 
901 |a BIBL2-2015-1 
909 |a Χ  |b 180587 
909 |a X  |b 180588 
924 |a ΚΑΣΑΠΗΣ  |b ΔΗΜΗΤΡΙΟΣ  |y ΧΙΟΣ  |z 2014-04 
970 |a ΠΑΡΟΙΚΑΚΗ  |b ΒΑΣΙΛΙΚΗ  |z 2015/04/06